MARC details
| 000 -LEADER |
| fixed length control field |
01180pam a2200349 a 4500 |
| 001 - CONTROL NUMBER |
| control field |
4943242 |
| 003 - CONTROL NUMBER IDENTIFIER |
| control field |
OSt |
| 005 - DATE AND TIME OF LATEST TRANSACTION |
| control field |
20150909095416.0 |
| 008 - FIXED-LENGTH DATA ELEMENTS--GENERAL INFORMATION |
| fixed length control field |
960228s1997 miua j be 001 0 eng |
| 010 ## - LIBRARY OF CONGRESS CONTROL NUMBER |
| LC control number |
96012522 |
| 020 ## - INTERNATIONAL STANDARD BOOK NUMBER |
| International Standard Book Number |
0787609420 (set : acidfree paper) |
| 020 ## - INTERNATIONAL STANDARD BOOK NUMBER |
| International Standard Book Number |
0787609439 (v. 1 : acidfree paper) |
| 020 ## - INTERNATIONAL STANDARD BOOK NUMBER |
| International Standard Book Number |
0787609447 (v. 2 : acidfree paper) |
| 020 ## - INTERNATIONAL STANDARD BOOK NUMBER |
| International Standard Book Number |
0787609455 (v. 3 : acidfree paper) |
| 040 ## - CATALOGING SOURCE |
| Original cataloging agency |
SEKU |
| 042 ## - AUTHENTICATION CODE |
| Authentication code |
lcac |
| 050 00 - LIBRARY OF CONGRESS CALL NUMBER |
| Classification number |
QB 14 |
| Item number |
.E5 1997 |
| 100 1# - MAIN ENTRY--PERSONAL NAME |
| Personal name |
Engelbert, Phillis. |
| 245 10 - TITLE STATEMENT |
| Title |
Astronomy & space : |
| Remainder of title |
from the big bang to the big crunch |
| Statement of responsibility, etc. |
Phillis Engelbert. |
| 246 30 - VARYING FORM OF TITLE |
| Title proper/short title |
Astronomy and space |
| 260 ## - PUBLICATION, DISTRIBUTION, ETC. (IMPRINT) |
| Place of publication, distribution, etc. |
Detroit : |
| Name of publisher, distributor, etc. |
U·X·L, |
| Date of publication, distribution, etc. |
c1997. |
| 300 ## - PHYSICAL DESCRIPTION |
| Extent |
3 v. (xxxviii, 728 p.) : |
| Other physical details |
ill. ; |
| Dimensions |
25 cm. |
| 504 ## - BIBLIOGRAPHY, ETC. NOTE |
| Bibliography, etc |
Includes bibliographical references and index. |
| 505 1# - FORMATTED CONTENTS NOTE |
| Formatted contents note |
v. 1. A-Her -- v. 2. Hes-P -- v. 3. Q-Z. |
| 650 #0 - SUBJECT ADDED ENTRY--TOPICAL TERM |
| Topical term or geographic name as entry element |
Astronomy |
| General subdivision |
Encyclopedias, Juvenile. |
| 650 #0 - SUBJECT ADDED ENTRY--TOPICAL TERM |
| Topical term or geographic name as entry element |
Astronautics |
| General subdivision |
Encyclopedias, Juvenile. |
| 650 #1 - SUBJECT ADDED ENTRY--TOPICAL TERM |
| Topical term or geographic name as entry element |
Astronomy |
| General subdivision |
Encyclopedias. |
| 650 #1 - SUBJECT ADDED ENTRY--TOPICAL TERM |
| Topical term or geographic name as entry element |
Astronautics |
| General subdivision |
Encyclopedias. |
| 651 #0 - SUBJECT ADDED ENTRY--GEOGRAPHIC NAME |
| Geographic name |
Outer space |
| General subdivision |
Encyclopedias, Juvenile. |
| 651 #1 - SUBJECT ADDED ENTRY--GEOGRAPHIC NAME |
| Geographic name |
Outer space |
| General subdivision |
Encyclopedias. |
| 942 ## - ADDED ENTRY ELEMENTS (KOHA) |
| Source of classification or shelving scheme |
Library of Congress Classification |
| Koha item type |
General circulation |